Score 0/16 Timer 06:00
0 Plays Today
Question Answer Wrong Answers
Slogans
Which shoe company's slogan is 'Just Do It?'
Nike
94.4%
Adidas
1%
Asics
0.5%
FILA
0.4%
Restaurants
Which fast food restaurant offers up The Whopper as a signature menu item?
Burger King
94.2%
Hardee's/Carls Jr
1.1%
Jack in the Box
0.5%
White Castle
0.5%
Grab Bag
Which ice cream flavor is NOT one of the three featured in Neapolitan ice cream?
Mint Choc Chip
92.7%
Chocolate
1.7%
Vanilla
1.2%
Strawberry
1.9%
General Knowledge
Which of these Generals eventually became Emperor of France?
Napoleon
88.3%
De Gaulle
4.3%
Washington
3.8%
Eisenhower
1.2%
Food
Which of these foods has a European capital city in its name?
Brussels Sprouts
87.3%
Buffalo Wings
3.2%
Tangerine
4.7%
Habanero
2.8%
Crossword
Which of these is a valid layout for a crossword of 'CROSS' and 'WORD?'
Valid
84.8%
Invalid
3.1%
Invalid
7.7%
Invalid
2.3%
Letter
Which of these images is NOT a homophone for a letter of the alphabet in English?
pie
82.2%
eye
4.1%
sea
6.8%
bee
3.8%
Logo
Which of these logos is for the national airline of Germany?
Lufthansa
67.2%
Delta
4.3%
United
4.7%
KLM
20.5%
College
Which Ivy League school is officially referred to as a college as opposed to a university?
Dartmouth
63.5%
Penn
12.3%
Princeton
12.9%
Yale
10.1%
Automobiles
Which of these logos does NOT represent a Japanese automobile manufacturer?
Hyundai
63.5%
Honda
11.5%
Mitsubishi
15%
Toyota
9.9%
Baby Names
Which of these famous figures shares their first name with the most popular boys' name in the US in 2017?
Liam Neeson
60%
Winston Churchill
5%
Elvis Presley
5.2%
Robert De Niro
29.3%
Company
Which company, headquartered in Bentonville, Arkansas, is the world's largest by revenue?
Walmart
57.4%
Apple
19.1%
GE
9.5%
Shell
12.5%
Popular
Which of these popular smartphone apps is owned by Facebook?
Instagram
54.5%
YouTube
5%
Twitter
17.4%
Snapchat
19.7%
University
Which nation is home to McGill University, York University, and Simon Fraser University?
Canada
49.5%
UK
24.4%
Australia
16.8%
Ireland
5.5%
Numbers
Which of these images represents the Fibonacci sequence?
Fibonacci
48.1%
Primes
27.9%
Mandlebrot
5.8%
Digits of Pi
14.7%
Justice
Which of these US Presidents was also Chief Justice of the Supreme Court?
Taft
46.4%
Grant
9.2%
Fillmore
22.7%
Van Buren
18.8%
Remove Ads.
Support Sporcle.
Get the best of Sporcle when you Go Orange. This ad-free experience offers more features, more stats, and more fun while also helping to support Sporcle. Thank you for becoming a member.

You're not logged in!

Compare scores with friends on all Sporcle quizzes.
OR
Log In

Show Comments

Extras

Top Quizzes Today


Score Distribution

Your Account Isn't Verified!

In order to create a playlist on Sporcle, you need to verify the email address you used during registration. Go to your Sporcle Settings to finish the process.

Report this User

Report this user for behavior that violates our Community Guidelines.

Details: